[Event "Wch Seniors 65 26th"]
[Site "Marianske Lazne"]
[Date "2016.11.26"]
[Round "7"]
[White "Schmieder, Siegfried"]
[Black "Schmitt, Karl"]
[Result "1/2-1/2"]
[WhiteElo "2052"]
[BlackElo "1899"]
[PlyCount "31"]
[EventDate "2016.11.19"]
[EventType "swiss"]
[EventRounds "11"]
[EventCountry "CZE"]
[SourceTitle "CBM 175 Extra"]
[Source "ChessBase"]
[SourceDate "2016.12.12"]
[SourceVersion "1"]
[SourceVersionDate "2016.12.12"]
[SourceQuality "1"]

1. e4 d5 2. Nc3 dxe4 3. Nxe4 Qd5 4. d3 Nc6 5. f4 Bf5 6. Ng3 Bg6 7. Nf3 h6 8. c3 Nf6 9. Be2 e6 10. Qb3 Qxb3 11. axb3 Be7 12. c4 0-0 13. b4 a6 14. Ne5 Nxe5 15. fxe5 Ne4 16. Nxe4 1/2-1/2

[Event "Wch Seniors 65 26th"]
[Site "Marianske Lazne"]
[Date "2016.11.21"]
[Round "3"]
[White "Ashby, Anthony"]
[Black "Schmitt, Karl"]
[Result "1-0"]
[WhiteElo "2074"]
[BlackElo "1899"]
[PlyCount "101"]
[EventDate "2016.11.19"]
[EventType "swiss"]
[EventRounds "11"]
[EventCountry "CZE"]
[SourceTitle "CBM 175 Extra"]
[Source "ChessBase"]
[SourceDate "2016.12.12"]
[SourceVersion "1"]
[SourceVersionDate "2016.12.12"]
[SourceQuality "1"]

1. d4 Nf6 2. c4 g6 3. Nc3 Bg7 4. e4 d6 5. f3 0-0 6. Be3 a6 7. Nge2 Nbd7 8. Ng3 c5 9. d5 Qa5 10. Be2 b5 11. Qd2 bxc4 12. 0-0 Ne5 13. h3 Rb8 14. Rab1 Qc7 15. f4 Ned7 16. Bxc4 Nb6 17. Be2 Bb7 18. Rbc1 Nfd7 19. Kh1 e6 20. dxe6 fxe6 21. b4 c4 22. Bg4 Rbe8 23. Rfd1 d5 24. e5 Rf7 25. Nge2 h5 26. Bf3 Bc6 27. Qc2 Nf8 28. a4 Nbd7 29. Rb1 Rb8 30. Nd4 Nb6 31. a5 Nc8 32. Nxc6 Qxc6 33. Nxd5 exd5 34. Bxd5 Qe8 35. Qxc4 Ne7 36. Bxf7+ Qxf7 37. Qxa6 Nf5 38. Qa7 Rb7 39. Qc5 Ne6 40. Qc8+ Kh7 41. Bf2 Nxf4 42. a6 Rc7 43. Qb8 Bxe5 44. a7 Nxh3 45. gxh3 Ng3+ 46. Kg1 Ne2+ 47. Kg2 Qf4 48. Qxc7+ Bxc7 49. a8Q Qh2+ 50. Kf1 Ng3+ 51. Bxg3 1-0

[Event "Wch Seniors 65 26th"]
[Site "Marianske Lazne"]
[Date "2016.11.19"]
[Round "1"]
[White "Borensztajn, David"]
[Black "Schmitt, Karl"]
[Result "1/2-1/2"]
[WhiteElo "2211"]
[BlackElo "1899"]
[PlyCount "72"]
[EventDate "2016.11.19"]
[EventType "swiss"]
[EventRounds "11"]
[EventCountry "CZE"]
[SourceTitle "CBM 175 Extra"]
[Source "ChessBase"]
[SourceDate "2016.12.12"]
[SourceVersion "1"]
[SourceVersionDate "2016.12.12"]
[SourceQuality "1"]

1. d4 Nf6 2. Nc3 d5 3. Bf4 g6 4. Qd2 Bg7 5. Bh6 Bxh6 6. Qxh6 Bf5 7. Qd2 Nbd7 8. Nf3 c6 9. e3 Ne4 10. Nxe4 Bxe4 11. Ng5 Bf5 12. f4 Nf6 13. Bd3 Bxd3 14. cxd3 Qb6 15. Rc1 a5 16. a3 h6 17. Nf3 0-0 18. Ne5 Rfc8 19. 0-0 e6 20. Rc5 Kg7 21. g4 Rh8 22. b4 axb4 23. axb4 Ra4 24. b5 Rha8 25. g5 Ng8 26. bxc6 bxc6 27. Rfc1 h5 28. Rxc6 Qb3 29. Rc7 R8a7 30. Qc3 Qxc3 31. R1xc3 Ne7 32. Kf2 Ra2+ 33. Kf3 Ra1 34. Rxa7 Rxa7 35. Rc1 Rb7 36. Rc2 Ra7 1/2-1/2

[Event "GER-chA Seniors 28th"]
[Site "Niederhausen"]
[Date "2016.08.18"]
[Round "6"]
[White "Neumann, Joachim"]
[Black "Schmitt, Karl"]
[Result "1-0"]
[WhiteElo "2096"]
[BlackElo "1913"]
[PlyCount "49"]
[EventDate "2016.08.13"]
[EventType "swiss"]
[EventRounds "9"]
[EventCountry "GER"]
[SourceTitle "EXT 2019"]
[Source "ChessBase"]
[SourceDate "2018.10.10"]
[SourceVersion "1"]
[SourceVersionDate "2018.10.10"]
[SourceQuality "1"]

1. c4 Nf6 2. Nf3 g6 3. g3 Bg7 4. Bg2 0-0 5. 0-0 d6 6. d4 Nbd7 7. Nc3 e5 8. e4 exd4 9. Nxd4 Re8 10. h3 a6 11. Re1 Rb8 12. Rb1 Ne5 13. b3 c5 14. Nc2 b5 15. cxb5 axb5 16. f4 Ned7 17. Qxd6 Rb6 18. Qd1 Nb8 19. e5 Nfd7 20. Ne3 Bb7 21. Ned5 Bxd5 22. Bxd5 Qc7 23. Ne4 Bf8 24. Ng5 Re7 25. e6 1-0

[Event "GER-chA Seniors 27th"]
[Site "Magdeburg"]
[Date "2015.08.20"]
[Round "6"]
[White "Bondick, Karl Heinz"]
[Black "Schmitt, Karl"]
[Result "1/2-1/2"]
[WhiteElo "2038"]
[BlackElo "1922"]
[PlyCount "50"]
[EventDate "2015.08.15"]
[EventType "swiss"]
[EventRounds "9"]
[EventCountry "GER"]
[SourceTitle "EXT 2018"]
[Source "ChessBase"]
[SourceDate "2017.10.13"]
[SourceVersion "1"]
[SourceVersionDate "2017.10.13"]
[SourceQuality "1"]

1. d4 Nf6 2. c4 g6 3. Nc3 Bg7 4. e4 d6 5. f4 0-0 6. Nf3 c5 7. d5 e6 8. Be2 exd5 9. e5 dxe5 10. fxe5 Ng4 11. Bg5 Qa5 12. cxd5 Nxe5 13. 0-0 Nxf3+ 14. Rxf3 Bg4 15. Rxf7 Rxf7 16. Bxg4 h6 17. Be6 hxg5 18. Qf3 Qc7 19. d6 Qxd6 20. Qxf7+ Kh7 21. Nd5 Nc6 22. Nf6+ Kh6 23. Ng8+ Kh7 24. Nf6+ Kh6 25. Ng4+ Kh7 1/2-1/2

[Event "GER-chA Seniors 26th"]
[Site "Bad Neuenahr"]
[Date "2014.08.12"]
[Round "8"]
[White "Schmitt, Karl"]
[Black "Kronseder, Michael"]
[Result "1-0"]
[WhiteElo "1968"]
[BlackElo "1798"]
[PlyCount "59"]
[EventDate "2014.08.05"]
[EventType "swiss"]
[EventRounds "9"]
[EventCountry "GER"]
[SourceTitle "EXT 2018"]
[Source "ChessBase"]
[SourceDate "2017.10.13"]
[SourceVersion "1"]
[SourceVersionDate "2017.10.13"]
[SourceQuality "1"]

1. Nf3 c6 2. d4 d5 3. Nbd2 g6 4. g3 Bf5 5. Bg2 Bg7 6. 0-0 Nd7 7. c3 e5 8. dxe5 Nxe5 9. Nxe5 Bxe5 10. Nf3 f6 11. Nxe5 fxe5 12. Qb3 Qe7 13. Re1 0-0-0 14. Qa4 b5 15. Qa6+ Qb7 16. Qa3 Qe7 17. b4 Kb7 18. Be3 d4 19. cxd4 exd4 20. Bf4 g5 21. Bd2 h6 22. Qf3 Qd7 23. Rec1 Ne7 24. a4 a6 25. axb5 axb5 26. Ra5 Qd5 27. Qa3 Be4 28. Ra7+ Kb8 29. Rxe7 Bxg2 30. Qa7+ 1-0

[Event "GER-chA Seniors 26th"]
[Site "Bad Neuenahr"]
[Date "2014.08.06"]
[Round "2"]
[White "Schmitt, Karl"]
[Black "Vasiljev, Jurij"]
[Result "1-0"]
[WhiteElo "1968"]
[BlackElo "2125"]
[PlyCount "120"]
[EventDate "2014.08.05"]
[EventType "swiss"]
[EventRounds "9"]
[EventCountry "GER"]
[SourceTitle "EXT 2018"]
[Source "ChessBase"]
[SourceDate "2017.10.13"]
[SourceVersion "1"]
[SourceVersionDate "2017.10.13"]
[SourceQuality "1"]

1. d4 d5 2. Nf3 Nf6 3. c4 c6 4. Qc2 g6 5. Bf4 Bg7 6. e3 0-0 7. Bd3 Nbd7 8. 0-0 dxc4 9. Bxc4 Nb6 10. Bb3 Bf5 11. Qe2 Nbd5 12. Bg3 Ne4 13. Nbd2 Nb4 14. Nxe4 Bxe4 15. Rfd1 a5 16. a3 Bd5 17. Bxd5 Nxd5 18. Qc4 e6 19. b3 Qe7 20. Bh4 f6 21. Qc1 g5 22. Bg3 g4 23. Ne1 f5 24. Nd3 Rac8 25. Rb1 h5 26. Be5 Rf7 27. Qb2 Bh6 28. b4 axb4 29. axb4 h4 30. Bf4 Bxf4 31. exf4 Rh7 32. Re1 Rh6 33. Qd2 Kh7 34. Re5 Rg8 35. Rbe1 Qf7 36. g3 Re8 37. R1e2 Nb6 38. Qa2 Qd7 39. Nc5 Qxd4 40. Nxe6 Rexe6 41. Rxe6 Nd5 42. Rxh6+ Kxh6 43. Qd2 Qxd2 44. Rxd2 hxg3 45. fxg3 Kg6 46. b5 Kf6 47. bxc6 bxc6 48. Rc2 Ne7 49. Kg2 Ke6 50. Rc5 Kd6 51. Re5 Nd5 52. h4 gxh3+ 53. Kxh3 c5 54. Rxf5 c4 55. Re5 c3 56. Re1 Kc5 57. f5 Kc4 58. g4 c2 59. Rc1 Kd3 60. g5 Kd2 1-0

[Event "GER-chA Seniors 26th"]
[Site "Bad Neuenahr"]
[Date "2014.08.05"]
[Round "1"]
[White "Biller, Helmut"]
[Black "Schmitt, Karl"]
[Result "1/2-1/2"]
[WhiteElo "2081"]
[BlackElo "1968"]
[PlyCount "64"]
[EventDate "2014.08.05"]
[EventType "swiss"]
[EventRounds "9"]
[EventCountry "GER"]
[SourceTitle "EXT 2018"]
[Source "ChessBase"]
[SourceDate "2017.10.13"]
[SourceVersion "1"]
[SourceVersionDate "2017.10.13"]
[SourceQuality "1"]

1. d4 Nf6 2. c4 g6 3. Nc3 Bg7 4. Nf3 0-0 5. g3 d6 6. Bg2 Nbd7 7. 0-0 e5 8. e4 exd4 9. Nxd4 a6 10. Be3 Re8 11. h3 Rb8 12. Qc2 c5 13. Nde2 b5 14. Rad1 b4 15. Nd5 Nxd5 16. Rxd5 Qb6 17. b3 Bb7 18. Rd2 Nf6 19. f3 Red8 20. Rfd1 Ne8 21. Bg5 Bf6 22. Bxf6 Nxf6 23. Qb2 Ne8 24. h4 Qc7 25. Rd3 Qe7 26. Nf4 a5 27. Kh2 Bc6 28. Nd5 Bxd5 29. Rxd5 Nc7 30. R5d3 Ne6 31. e5 Nd4 32. exd6 Rxd6 1/2-1/2

[Event "Mittelrhein Verbandsliga Ost 1314"]
[Site "Mittelrhein"]
[Date "2014.04.06"]
[Round "9.3"]
[White "Schmitt, Karl"]
[Black "Koegler, Christof"]
[Result "0-1"]
[WhiteElo "1803"]
[BlackElo "1905"]
[PlyCount "58"]
[EventDate "2013.09.15"]
[EventType "team-tourn"]
[EventRounds "11"]
[EventCountry "GER"]
[SourceTitle "EXT 2023"]
[Source "ChessBase"]
[SourceDate "2022.10.05"]
[SourceVersion "1"]
[SourceVersionDate "2022.10.05"]
[SourceQuality "1"]
[WhiteTeam "Bergische SF II"]
[BlackTeam "Godesberg IV"]
[WhiteTeamCountry "GER"]
[BlackTeamCountry "GER"]

1. d4 Nf6 2. g3 d5 3. Bg2 e6 4. Nf3 Be7 5. c4 0-0 6. Qc2 Ne4 7. 0-0 c6 8. Nbd2 f5 9. Ne5 Nd7 10. Ndf3 Ndf6 11. b3 Qe8 12. a4 Qh5 13. h4 Bd7 14. Nxd7 Nxd7 15. Ne5 Nxe5 16. dxe5 Rac8 17. Bf3 Qg6 18. h5 Qf7 19. e3 Rfd8 20. Kg2 Bc5 21. Rd1 h6 22. Bb2 Qe7 23. Bc3 Rf8 24. Rab1 Qg5 25. Re1 f4 26. exf4 Rxf4 27. Re2 Bxf2 28. Rxf2 Qxg3+ 29. Kf1 Rxf3 0-1

[Event "Mittelrhein Verbandsliga Ost 1314"]
[Site "Mittelrhein"]
[Date "2014.01.19"]
[Round "6.3"]
[White "Schwarz, Andreas1111"]
[Black "Schmitt, Karl"]
[Result "1-0"]
[WhiteElo "1973"]
[BlackElo "1803"]
[PlyCount "77"]
[EventDate "2013.09.15"]
[EventType "team-tourn"]
[EventRounds "11"]
[EventCountry "GER"]
[SourceTitle "EXT 2023"]
[Source "ChessBase"]
[SourceDate "2022.10.05"]
[SourceVersion "1"]
[SourceVersionDate "2022.10.05"]
[SourceQuality "1"]
[WhiteTeam "Troisdorf"]
[BlackTeam "Bergische SF II"]
[WhiteTeamCountry "GER"]
[BlackTeamCountry "GER"]

1. e4 c5 2. Nf3 e6 3. d4 cxd4 4. Nxd4 Nc6 5. Nc3 Qc7 6. Ndb5 Qb8 7. Be3 a6 8. Bb6 axb5 9. Nxb5 Bb4+ 10. c3 Ba5 11. Nc7+ Qxc7 12. Bxc7 Bxc7 13. Qg4 Kf8 14. f4 Nf6 15. Qf3 d5 16. Bd3 dxe4 17. Bxe4 Nxe4 18. Qxe4 f6 19. 0-0 Kf7 20. Rfd1 g6 21. b4 Rd8 22. Rxd8 Bxd8 23. a4 Bb6+ 24. Kh1 Ne7 25. c4 Nf5 26. c5 Bc7 27. b5 Ne7 28. g3 e5 29. fxe5 Bxe5 30. Rf1 Kg7 31. Rd1 Rb8 32. Qc4 h5 33. Rd8 Bf5 34. Rxb8 Bxb8 35. a5 Be5 36. a6 bxa6 37. bxa6 Nc6 38. Qd5 Ne7 39. Qb7 1-0

[Event "GER-ch Seniors"]
[Site "Dresden"]
[Date "2012.08.12"]
[Round "4"]
[White "Schmitt, Karl"]
[Black "Achenbach, Manfred"]
[Result "0-1"]
[WhiteElo "1953"]
[BlackElo "2128"]
[PlyCount "64"]
[EventDate "2012.08.09"]
[EventType "swiss"]
[EventRounds "9"]
[EventCountry "GER"]
[SourceTitle "EXT 2014"]
[Source "ChessBase"]
[SourceDate "2013.11.20"]
[SourceVersion "1"]
[SourceVersionDate "2013.11.20"]
[SourceQuality "1"]

1. d4 c5 2. e3 e6 3. Nf3 Nf6 4. Bd3 d5 5. b3 Nc6 6. 0-0 Bd7 7. Bb2 Rc8 8. a3 Bd6 9. Nbd2 0-0 10. Ne5 cxd4 11. exd4 Bb8 12. f4 Qb6 13. Ndf3 g6 14. Kh1 Ne7 15. g4 Bb5 16. Bxb5 Qxb5 17. a4 Qe8 18. Rc1 Ne4 19. c4 f6 20. Nd3 Qd7 21. Ba3 Bd6 22. Bxd6 Qxd6 23. c5 Qc7 24. b4 Rf7 25. Kg2 h5 26. h3 Rh7 27. Qe1 Qd7 28. g5 Qxa4 29. gxf6 Nf5 30. Rd1 Qc2+ 31. Rd2 Qc3 32. Nf2 Ne3+ 0-1

[Event "GER-ch Seniors"]
[Site "Dresden"]
[Date "2012.08.11"]
[Round "3"]
[White "Petzold, Hans"]
[Black "Schmitt, Karl"]
[Result "1/2-1/2"]
[WhiteElo "2156"]
[BlackElo "1953"]
[PlyCount "88"]
[EventDate "2012.08.09"]
[EventType "swiss"]
[EventRounds "9"]
[EventCountry "GER"]
[SourceTitle "EXT 2014"]
[Source "ChessBase"]
[SourceDate "2013.11.20"]
[SourceVersion "1"]
[SourceVersionDate "2013.11.20"]
[SourceQuality "1"]

1. e4 c5 2. Nc3 e6 3. f4 a6 4. g3 d5 5. d3 dxe4 6. Nxe4 Nf6 7. Nxf6+ Qxf6 8. Bg2 Bd6 9. Nf3 Nc6 10. 0-0 0-0 11. Ng5 h6 12. Ne4 Qd4+ 13. Kh1 Be7 14. c3 Qd7 15. Qf3 f5 16. Nf2 e5 17. Re1 Bf6 18. Qd5+ Kh8 19. Qxc5 Re8 20. Be3 Rd8 21. Bxc6 bxc6 22. fxe5 Be7 23. Qc4 c5 24. h3 Qc6+ 25. Kh2 Bb7 26. Rg1 Qf3 27. Rae1 Bd5 28. Qa4 Rdb8 29. Qc2 Bxa2 30. b4 Bd5 31. bxc5 a5 32. c4 Bc6 33. Qe2 a4 34. Qxf3 Bxf3 35. Rb1 a3 36. Rxb8+ Rxb8 37. Ra1 Rb3 38. Ra2 g5 39. Bd4 h5 40. Rd2 g4 41. h4 Kh7 42. Ra2 Kg6 43. Kg1 Rb1+ 44. Kh2 Rb3 1/2-1/2

[Event "Bad Woerishofen Seniors op 28th"]
[Site "Bad Woerishofen"]
[Date "2012.03.08"]
[Round "7.29"]
[White "Schmitt, Karl"]
[Black "Fels, Karl Heinz"]
[Result "1/2-1/2"]
[WhiteElo "1769"]
[BlackElo "1706"]
[PlyCount "93"]
[EventDate "2012.03.02"]
[EventType "swiss"]
[EventRounds "9"]
[EventCountry "GER"]
[SourceTitle "EXT 2022"]
[Source "ChessBase"]
[SourceDate "2021.10.06"]
[SourceVersion "1"]
[SourceVersionDate "2021.10.06"]
[SourceQuality "1"]

1. d4 Nf6 2. c4 e6 3. Nf3 d5 4. g3 Be7 5. Bg2 0-0 6. b3 c6 7. 0-0 Nbd7 8. Qc2 a5 9. Nbd2 h6 10. Bb2 b6 11. e4 dxe4 12. Nxe4 Bb7 13. Rad1 Nxe4 14. Qxe4 Nf6 15. Qc2 Qc7 16. Rfe1 Rfd8 17. Qe2 Bb4 18. Rf1 a4 19. a3 Be7 20. b4 c5 21. dxc5 bxc5 22. b5 Nd7 23. Ne5 Bxg2 24. Kxg2 Bf6 25. Nc6 Re8 26. f3 Bxb2 27. Qxb2 Nb6 28. Qc2 e5 29. Rd2 Re6 30. Rfd1 Rae8 31. Rd8 g6 32. Rxe8+ Rxe8 33. g4 Kg7 34. Qe4 Re6 35. Qd3 Rf6 36. Qe3 Nd7 37. Rd5 Re6 38. Qd2 Nf6 39. Rxc5 e4 40. Qd4 exf3+ 41. Kxf3 Qxh2 42. Re5 Qh3+ 43. Ke2 Qg2+ 44. Kd3 Qf3+ 45. Kd2 Qg2+ 46. Kd3 Qf3+ 47. Kd2 1/2-1/2

[Event "Bad Woerishofen op 25th"]
[Site "Bad Woerishofen"]
[Date "2009.03.05"]
[Round "1"]
[White "Schmitt, Karl"]
[Black "Dittmar, Peter"]
[Result "0-1"]
[WhiteElo "1992"]
[BlackElo "2382"]
[PlyCount "94"]
[EventDate "2009.03.05"]
[EventType "swiss"]
[EventRounds "9"]
[EventCountry "GER"]
[SourceTitle "CBM 129 Extra"]
[Source "ChessBase"]
[SourceDate "2009.05.05"]
[SourceVersion "2"]
[SourceVersionDate "2009.05.20"]
[SourceQuality "1"]

1. d4 Nf6 2. Nf3 e6 3. e3 c5 4. Bd3 b6 5. 0-0 Bb7 6. b3 cxd4 7. exd4 Nc6 8. Bb2 Nb4 9. Be2 Nbd5 10. Re1 Be7 11. a3 0-0 12. c4 Nf4 13. Bf1 d5 14. g3 Ng6 15. Bg2 dxc4 16. bxc4 Rc8 17. Nbd2 Qc7 18. Rc1 Rfd8 19. Qb3 Qb8 20. Re2 Qa8 21. Ne1 Bxg2 22. Nxg2 b5 23. cxb5 Rxc1+ 24. Bxc1 Rxd4 25. Bb2 Rd8 26. Ne3 Bc5 27. Bxf6 gxf6 28. Ndc4 Kg7 29. a4 Rc8 30. Rc2 Bxe3 31. Nxe3 Rxc2 32. Nxc2 Ne5 33. Ne1 Qe4 34. Qd1 f5 35. f3 Qb4 36. Qa1 f6 37. Qd1 f4 38. g4 Qc3 39. h4 h5 40. gxh5 Kh6 41. Qe2 Kxh5 42. Kf2 Qd4+ 43. Kf1 Qxa4 44. Nd3 Qc4 45. Nb2 Qc1+ 46. Kg2 Qb1 47. Qf2 Ng6 0-1